[Event "Hradec Kralove Open 2023 - A FIDE Open"]
[Site "Cernigov hotel, Hradec Kralove"]
[Date "2023.11.06"]
[Round "3"]
[Board "9"]
[White "Kolesar, Milan"]
[Black "Kalveus, Jan"]
[Result "1-0"]
[WhiteElo "2097"]
[BlackElo "1807"]
[PlyCount "0"]
[EventDate "2023.11.04"]
[EventRounds "9"]
[EventCountry "CZE"]

1. Nf3 Nf6 2. c4 e6 3. Nc3 d5 4. d4 c6 5. e3 Bd6 6. Bd3 Nbd7 7. O-O O-O 8. e4 dxe4
9. Nxe4 Nxe4 10. Bxe4 Nf6 11. Bc2 Re8 12. Qd3 h6 13. b3 b6 14. Bb2 Bb7 15. Rfe1 Qc7
16. Ne5 Bxe5 17. Rxe5 Rad8 18. Rae1 Rd7 19. R5e3 Kf8 20. Qe2 Qd6 21. Bb1 Ree7 22.
Qc2 Ke8 23. c5 bxc5 24. Ba3 Qxd4 25. Bxc5 Qd5 26. Bxe7 c5 27. f3 Kxe7 28. Qf2 c4
29. Re5 Qxe5 30. Rxe5 Rd1+ 31. Re1  1-0

[Event "Hradec Kralove Open 2023 - A FIDE Open"]
[Site "Cernigov hotel, Hradec Kralove"]
[Date "2023.11.06"]
[Round "3"]
[Board "10"]
[White "Berka, Lubos"]
[Black "Tavernier, Loris"]
[Result "0-1"]
[WhiteElo "1684"]
[BlackElo "1922"]
[PlyCount "0"]
[EventDate "2023.11.04"]
[EventRounds "9"]
[EventCountry "CZE"]

1. e4 c6 2. d4 d5 3. exd5 cxd5 4. Bd3 Nf6 5. c3 Bg4 6. Qb3 Qd7 7. Bf4 Nc6 8. Nd2
e6 9. Ngf3 a6 10. O-O Be7 11. Rfe1 O-O 12. Qc2 Bh5 13. Ne5 Qc8 14. Ndf3 Bg6 15. Bxg6
hxg6 16. Bg5 Qc7 17. Nxg6 fxg6 18. Qxg6 Nd8 19. Bh6 Ne8 20. Bg5 Bf6 21. Ne5 Bxe5
22. Rxe5 Qf7 23. Qc2 Nc6 24. Re3 Nd6 25. Rae1 Rae8 26. Rh3 Qf5 27. Qxf5 exf5 28.
Rxe8 Rxe8 29. Kf1 Kf7 30. Rf3 Ne4 31. h4 Kg6 32. Bc1 Rh8 33. g3 b5 34. Re3 Rc8 35.
Kg2 b4 36. f3 Nf6 37. Re6 bxc3 38. bxc3 Nxd4 39. cxd4 Rxc1 40. Rxa6 Rc2+ 41. Kh3
Rf2 42. a4 Kh5 43. Ra8 Rxf3 44. Rh8+ Kg6 45. Kg2 Ra3 46. Ra8 Ne4 47. a5 Rxg3+ 48.
Kf1 f4 49. Rf8 Nf6 50. a6 Ra3 51. Ra8 Kf5 52. a7 Ra2 53. h5 Kg4  0-1

[Event "Hradec Kralove Open 2023 - A FIDE Open"]
[Site "Cernigov hotel, Hradec Kralove"]
[Date "2023.11.06"]
[Round "3"]
[Board "11"]
[White "Syzdyk, Samir"]
[Black "Pyka, Roman"]
[Result "1-0"]
[WhiteElo "1639"]
[BlackElo "1811"]
[PlyCount "0"]
[EventDate "2023.11.04"]
[EventRounds "9"]
[EventCountry "CZE"]

1. e4 d5 2. exd5 Nf6 3. d4 Nxd5 4. c4 Nb6 5. Nf3 g6 6. Nc3 Bg7 7. c5 Nd5 8. Bc4 c6
9. Qb3 O-O 10. O-O e6 11. Bg5 Qc7 12. Ne4 h6 13. Bh4 f5 14. Nd6 g5 15. Bxg5 hxg5
16. Nxg5 Bxd4 17. Nxc8 Qxc8 18. Qg3 Bg7 19. Qh3 Rf6 20. Qh7+ Kf8 21. Qh5 Qe8 22.
Nh7+ Ke7 23. Nxf6 Bxf6 24. Qe2 Nd7 25. Bxd5 cxd5 26. Rac1 Rc8 27. Rfe1 Rc6 28. b4
Qf7 29. Qb5 Rc7 30. c6 bxc6 31. Rxc6 Rxc6 32. Qxc6 e5 33. Qa4 d4 34. b5 Qd5 35. Qxa7
d3 36. Qa3+ Qd6 37. Qxd6+ Kxd6 38. g3 e4 39. Kf1 Kd5 40. Rc1 Nc5 41. h4 Bg7 42. b6
Bh6 43. Rxc5+  1-0

[Event "Hradec Kralove Open 2023 - A FIDE Open"]
[Site "Cernigov hotel, Hradec Kralove"]
[Date "2023.11.07"]
[Round "4"]
[Board "1"]
[White "Cupid, Kevin"]
[Black "Johnson, Joshua"]
[Result "1/2-1/2"]
[WhiteElo "2186"]
[BlackElo "2337"]
[PlyCount "26"]
[EventDate "2023.11.04"]
[EventRounds "9"]
[EventCountry "CZE"]

1. e4 e5 2. Nf3 Nc6 3. Bc4 Bc5 4. O-O Nf6 5. b4 d5 6. bxc5 dxc4 7. Bb2 O-O 8. d3
cxd3 9. cxd3 Bg4 10. h3 Bxf3 11. Qxf3 Nd4 12. Qd1 Qd7 13. Na3 b6  1/2-1/2

[Event "Hradec Kralove Open 2023 - A FIDE Open"]
[Site "Cernigov hotel, Hradec Kralove"]
[Date "2023.11.07"]
[Round "4"]
[Board "2"]
[White "Jirasek, Pavel"]
[Black "Jiruse, Josef"]
[Result "1-0"]
[WhiteElo "2322"]
[BlackElo "1941"]
[PlyCount "69"]
[EventDate "2023.11.04"]
[EventRounds "9"]
[EventCountry "CZE"]

1. c4 c5 2. g3 Nc6 3. Bg2 g6 4. Nc3 Bg7 5. Nf3 e5 6. a3 Nge7 7. d3 O-O 8. Nd2 Rb8
9. Nf1 a6 10. Ne3 b5 11. O-O Nd4 12. Ned5 d6 13. e3 Nxd5 14. Nxd5 Ne6 15. Rb1 Nc7
16. b4 Bb7 17. Bd2 Nxd5 18. Bxd5 bxc4 19. dxc4 Bxd5 20. cxd5 e4 21. Qa4 Qg5 22. Qc6
Rbc8 23. Qxd6 c4 24. b5 c3 25. Bc1 axb5 26. Rxb5 Rfd8 27. Qa6 Qh5 28. d6 Qe2 29.
Qb7 Qd3 30. Rb4 f5 31. Rd4 Bxd4 32. Qd5+ Kg7 33. exd4 Qa6 34. Qe5+ Kg8 35. Qe6+  1-0

[Event "Hradec Kralove Open 2023 - A FIDE Open"]
[Site "Cernigov hotel, Hradec Kralove"]
[Date "2023.11.07"]
[Round "4"]
[Board "3"]
[White "Cheraghi, Amin"]
[Black "Sailaubay, Aldiyar"]
[Result "1-0"]
[WhiteElo "2244"]
[BlackElo "1660"]
[PlyCount "87"]
[EventDate "2023.11.04"]
[EventRounds "9"]
[EventCountry "CZE"]

1. d4 Nf6 2. Nf3 e6 3. Bg5 Be7 4. Nbd2 d6 5. e4 h6 6. Bxf6 Bxf6 7. e5 Be7 8. Bd3
d5 9. O-O c5 10. dxc5 Bxc5 11. Nb3 Be7 12. Nfd4 Nc6 13. Qe2 Qb6 14. c3 Bd7 15. a4
O-O 16. Kh1 Nxd4 17. Nxd4 f5 18. a5 Qc7 19. a6 b6 20. Bb5 Bc5 21. Bxd7 Qxd7 22. Qb5
Qf7 23. Nf3 Rac8 24. b4 Be7 25. Nd4 Rc7 26. Qd3 Rfc8 27. Nb5 Rd7 28. Rad1 Bf8 29.
Qe2 Rcd8 30. Rd3 Be7 31. Rfd1 Bf8 32. Qa2 Kh8 33. Qa4 Rc8 34. Qa2 Rcd8 35. h3 Kg8
36. c4 Bxb4 37. cxd5 Rxd5 38. Rxd5 Rxd5 39. Rxd5 exd5 40. Nxa7 d4 41. e6 Qh5 42.
Qd5 d3 43. Qxd3 Qg5 44. Qc4  1-0

[Event "Hradec Kralove Open 2023 - A FIDE Open"]
[Site "Cernigov hotel, Hradec Kralove"]
[Date "2023.11.07"]
[Round "4"]
[Board "4"]
[White "Tavernier, Loris"]
[Black "Santos Martinez, Guillermo"]
[Result "1/2-1/2"]
[WhiteElo "1922"]
[BlackElo "2112"]
[PlyCount "43"]
[EventDate "2023.11.04"]
[EventRounds "9"]
[EventCountry "CZE"]

1. Nf3 d5 2. g3 c5 3. Bg2 Nc6 4. d4 Nf6 5. O-O e6 6. c4 dxc4 7. dxc5 Qxd1 8. Rxd1
Bxc5 9. Nbd2 c3 10. bxc3 O-O 11. Nb3 Be7 12. c4 Bd7 13. Bf4 Rac8 14. Bd6 b6 15. Ne5
Bxd6 16. Nxd7 Nxd7 17. Rxd6 Ndb8 18. c5 bxc5 19. Nxc5 Ne5 20. Nb3 Rc2 21. Rd2 Rxd2
22. Nxd2  1/2-1/2

[Event "Hradec Kralove Open 2023 - A FIDE Open"]
[Site "Cernigov hotel, Hradec Kralove"]
[Date "2023.11.07"]
[Round "4"]
[Board "5"]
[White "Fryc, Lukas"]
[Black "Kolesar, Milan"]
[Result "1-0"]
[WhiteElo "1857"]
[BlackElo "2097"]
[PlyCount "69"]
[EventDate "2023.11.04"]
[EventRounds "9"]
[EventCountry "CZE"]

1. d4 d5 2. c4 c6 3. cxd5 cxd5 4. Nc3 Nf6 5. f3 Nc6 6. e4 e6 7. e5 Nd7 8. f4 Be7
9. Nf3 O-O 10. Bd3 f5 11. O-O a6 12. Be3 b5 13. Rc1 Na5 14. b3 Bb7 15. Ng5 Bxg5 16.
fxg5 Nxe5 17. dxe5 d4 18. Bxf5 dxe3 19. Bxh7+ Kxh7 20. Qh5+ Kg8 21. g6 Rf2 22. Qh7+
Kf8 23. Qh8+ Ke7 24. Qxg7+ Ke8 25. Rxf2 exf2+ 26. Kxf2 Qd4+ 27. Ke2 Qg4+ 28. Ke1
Qh4+ 29. g3 Qe7 30. Qh8+ Kd7 31. Rd1+ Kc7 32. Qf6 Re8 33. g7 Nc6 34. Rd6 Rg8 35.
Rxc6+  1-0

[Event "Hradec Kralove Open 2023 - A FIDE Open"]
[Site "Cernigov hotel, Hradec Kralove"]
[Date "2023.11.07"]
[Round "4"]
[Board "6"]
[White "Flasar, Jaroslav"]
[Black "Syzdyk, Samir"]
[Result "1/2-1/2"]
[WhiteElo "2048"]
[BlackElo "1639"]
[PlyCount "103"]
[EventDate "2023.11.04"]
[EventRounds "9"]
[EventCountry "CZE"]

1. e4 c5 2. Nf3 Nc6 3. d4 cxd4 4. Nxd4 Nf6 5. Nc3 e5 6. Ndb5 d6 7. Bg5 a6 8. Na3
b5 9. Nd5 Be7 10. Bxf6 Bxf6 11. c3 Bg5 12. Nc2 O-O 13. h4 Bh6 14. g4 g6 15. Nce3
f6 16. h5 Kg7 17. Qf3 Be6 18. Qg3 Bxd5 19. Nxd5 Ne7 20. hxg6 hxg6 21. Qh4 Ng8 22.
Bd3 Rf7 23. Ke2 Kf8 24. Raf1 Raa7 25. Qg3 Rh7 26. Nb4 Qc8 27. f3 Bg5 28. Qf2 Nh6
29. Rd1 Qc5 30. Nd5 Rab7 31. Qxc5 dxc5 32. Bc2 Rhd7 33. Nxf6 Bxf6 34. Rxh6 Rxd1 35.
Bxd1 Kg7 36. Rh1 Bg5 37. Bc2 Rd7 38. Rd1 Rxd1 39. Bxd1 Bc1 40. b3 Kf6 41. Kd3 Ke6
42. Kc2 Bg5 43. a4 Kd6 44. Be2 Kc6 45. Kd3 Kb6 46. Bf1 Be7 47. f4 Bd6 48. f5 g5 49.
Kc2 Be7 50. Kb2 Bf6 51. Ka3 Be7 52. axb5  1/2-1/2

[Event "Hradec Kralove Open 2023 - A FIDE Open"]
[Site "Cernigov hotel, Hradec Kralove"]
[Date "2023.11.07"]
[Round "4"]
[Board "7"]
[White "Rudowski, Szymon"]
[Black "Dusbaba, Karel"]
[Result "0-1"]
[WhiteElo "1764"]
[BlackElo "1993"]
[PlyCount "88"]
[EventDate "2023.11.04"]
[EventRounds "9"]
[EventCountry "CZE"]

1. e4 e6 2. d4 d5 3. Nc3 Bb4 4. Nge2 dxe4 5. a3 Be7 6. Nxe4 Nf6 7. Nxf6+ Bxf6 8.
Be3 O-O 9. Qd2 Bd7 10. O-O-O Bb5 11. Nf4 Bxf1 12. Rhxf1 c6 13. Nh5 Nd7 14. f4 Nb6
15. Qd3 Nd5 16. Bd2 g6 17. Nxf6+ Nxf6 18. Qh3 Qd5 19. Kb1 Ne4 20. Bc1 f5 21. Qh6
Qd7 22. Rd3 Qg7 23. Qh4 Qf6 24. Qh6 Qg7 25. Qh4 Rad8 26. b3 Rd7 27. Bb2 Qe7 28. Qh6
Rfd8 29. Ka2 b5 30. g4 a5 31. gxf5 exf5 32. Rg1 Qf7 33. h4 Qf8 34. Qxf8+ Kxf8 35.
c4 Re8 36. h5 Nf2 37. Rf3 Ng4 38. hxg6 hxg6 39. cxb5 cxb5 40. Rh3 Re2 41. Rh8+ Kf7
42. Rd1 Ne3 43. Rd3 Nd5 44. Rd1 Nc3+  0-1

[Event "Hradec Kralove Open 2023 - A FIDE Open"]
[Site "Cernigov hotel, Hradec Kralove"]
[Date "2023.11.07"]
[Round "4"]
[Board "8"]
[White "Wenke, Oldrich"]
[Black "Wieczorek, Lech"]
[Result "1-0"]
[WhiteElo "1984"]
[BlackElo "1650"]
[PlyCount "85"]
[EventDate "2023.11.04"]
[EventRounds "9"]
[EventCountry "CZE"]

1. b3 c6 2. Bb2 d5 3. Nf3 Nf6 4. g3 Bg4 5. Bg2 e6 6. d3 Nbd7 7. Nbd2 Qb8 8. c4 Be7
9. O-O O-O 10. Rc1 Re8 11. Qc2 a5 12. a3 h6 13. Rfe1 Bf8 14. e4 dxe4 15. dxe4 e5
16. Nf1 Bc5 17. Ne3 Qd6 18. Rcd1 Qe7 19. Qc1 Rac8 20. h3 Bxf3 21. Bxf3 Red8 22. Nf5
Qf8 23. Kg2 b5 24. g4 Kh7 25. g5 Ng8 26. Bg4 h5 27. Bxh5 g6 28. Bg4 Rc7 29. Ne3 b4
30. a4 Qe7 31. h4 Nf8 32. Rxd8 Qxd8 33. Rd1 Qe7 34. Qd2 Rb7 35. Qd8 Ne6 36. Qxe7
Rxe7 37. Bxe6 Rxe6 38. Rd7 Ne7 39. Ng4 Bd4 40. Bxd4 exd4 41. Rxd4 c5 42. Rd7 Rxe4
43. Nf6+  1-0

[Event "Hradec Kralove Open 2023 - A FIDE Open"]
[Site "Cernigov hotel, Hradec Kralove"]
[Date "2023.11.07"]
[Round "4"]
[Board "9"]
[White "Barabas, Ales"]
[Black "Rusnak, Jan"]
[Result "0-1"]
[WhiteElo "1759"]
[BlackElo "1971"]
[PlyCount "102"]
[EventDate "2023.11.04"]
[EventRounds "9"]
[EventCountry "CZE"]

1. Nf3 Nc6 2. d4 d5 3. g3 Bg4 4. Bg2 Qd7 5. Nbd2 Nf6 6. Ne5 Nxe5 7. dxe5 Ng8 8. Nf3
e6 9. c3 Ne7 10. h3 Bxf3 11. exf3 O-O-O 12. O-O d4 13. cxd4 Qxd4 14. Qxd4 Rxd4 15.
Be3 Rb4 16. b3 Nd5 17. f4 Nxe3 18. fxe3 Bc5 19. Kf2 a5 20. Rac1 Bb6 21. Rfd1 a4 22.
Rc4 Rxc4 23. bxc4 c6 24. Be4 Kc7 25. Kf3 Bc5 26. Bc2 b5 27. cxb5 cxb5 28. Rb1 Kc6
29. g4 h6 30. Rd1 Rc8 31. Be4+ Kc7 32. Bd3 Kb6 33. Rb1 b4 34. Ke2 Be7 35. Kd2 Rc3
36. Rc1 Ra3 37. Rc2 b3 38. axb3 axb3 39. Rb2 Bb4+ 40. Kd1 Bc3 41. Rb1 Kc5 42. h4
Kb4 43. Bc2 Kc4 44. Bxb3+ Rxb3 45. Rxb3 Kxb3 46. Ke2 Kc4 47. Kf3 Kd5 48. h5 Bd2 49.
Ke2 Bc1 50. Kf3 Bb2 51. Ke2 Ke4  0-1

[Event "Hradec Kralove Open 2023 - A FIDE Open"]
[Site "Cernigov hotel, Hradec Kralove"]
[Date "2023.11.07"]
[Round "4"]
[Board "10"]
[White "Tsapanidis, Vasilis"]
[Black "Heinsohn, Michael"]
[Result "0-1"]
[WhiteElo "1705"]
[BlackElo "1922"]
[PlyCount "90"]
[EventDate "2023.11.04"]
[EventRounds "9"]
[EventCountry "CZE"]

1. Nf3 Nf6 2. c4 g6 3. b3 Bg7 4. Bb2 O-O 5. d4 d5 6. g3 c6 7. Bg2 Ne4 8. O-O a5 9.
Nc3 f5 10. e3 b6 11. cxd5 Nxc3 12. Bxc3 cxd5 13. Ne5 Ba6 14. Re1 Nd7 15. Bxd5+ Kh8
16. Nf7+ Rxf7 17. Bxf7 Bb7 18. Bc4 Qc7 19. Rc1 Rd8 20. f4 Nf6 21. Ba1 Qd7 22. Qe2
b5 23. Bd3 Qd5 24. e4 fxe4 25. Bc4 bxc4 26. bxc4 Qd7 27. d5 e6 28. Bxf6 Bxf6 29.
Qxe4 exd5 30. Qe6 Bd4+ 31. Kf1 dxc4 32. Qxd7 Rxd7 33. Red1 Ba6 34. Kg2 Bb5 35. Kf3
Kg7 36. g4 Kf6 37. h4 c3 38. Ke4 Bc6+ 39. Kd3 Bf3 40. g5+ Kf5 41. Rf1 Be4+ 42. Kc4
c2 43. Rfe1 Bb2 44. Rxe4 Kxe4 45. Rxc2 Rc7+  0-1

[Event "Hradec Kralove Open 2023 - A FIDE Open"]
[Site "Cernigov hotel, Hradec Kralove"]
[Date "2023.11.07"]
[Round "5"]
[Board "2"]
[White "Johnson, Joshua"]
[Black "Fryc, Lukas"]
[Result "1-0"]
[WhiteElo "2337"]
[BlackElo "1857"]
[PlyCount "85"]
[EventDate "2023.11.04"]
[EventRounds "9"]
[EventCountry "CZE"]

1. e4 d6 2. d4 Nf6 3. Nc3 g6 4. Be3 a6 5. Bd3 e5 6. dxe5 dxe5 7. Qd2 Nc6 8. O-O-O
Be6 9. Nf3 Ng4 10. Kb1 Nxe3 11. Qxe3 Bd6 12. Nd5 O-O 13. Qh6 f6 14. Bc4 Qd7 15. h4
Na5 16. Be2 Rf7 17. h5 Bf8 18. Qd2 Nc6 19. hxg6 hxg6 20. Nxf6+ Rxf6 21. Qxd7 Bxd7
22. Rxd7 b5 23. a4 Rb8 24. Rxc7 Bc5 25. axb5 axb5 26. Nxe5 Bd6 27. Rxc6 Bxe5 28.
Rxf6 Bxf6 29. f4 b4 30. e5 Bg7 31. Rd1 g5 32. g3 gxf4 33. gxf4 Kf7 34. Rd7+ Kg6 35.
f5+ Kh6 36. f6 Bh8 37. Re7 Rd8 38. Bd3 b3 39. f7 bxc2+ 40. Bxc2 Rf8 41. Re8 Bg7 42.
e6 Kg5 43. Bb3  1-0

[Event "Hradec Kralove Open 2023 - A FIDE Open"]
[Site "Cernigov hotel, Hradec Kralove"]
[Date "2023.11.07"]
[Round "5"]
[Board "3"]
[White "Dusbaba, Karel"]
[Black "Cupid, Kevin"]
[Result "0-1"]
[WhiteElo "1993"]
[BlackElo "2186"]
[PlyCount "48"]
[EventDate "2023.11.04"]
[EventRounds "9"]
[EventCountry "CZE"]

1. c4 e5 2. Nc3 Nc6 3. g3 g6 4. Bg2 Bg7 5. Nf3 d6 6. d3 Nge7 7. Bd2 Nd4 8. Nd5 Nxf3+
9. Bxf3 c6 10. Nxe7 Qxe7 11. Qc2 Bh3 12. O-O-O O-O 13. Kb1 Rac8 14. Bb4 b6 15. Rhg1
Be6 16. Qa4 a5 17. Bd2 d5 18. cxd5 cxd5 19. Rc1 e4 20. dxe4 b5 21. Qa3 b4 22. Qd3
Qf6 23. e5 Qxe5 24. Qb3 a4  0-1

[Event "Hradec Kralove Open 2023 - A FIDE Open"]
[Site "Cernigov hotel, Hradec Kralove"]
[Date "2023.11.07"]
[Round "5"]
[Board "4"]
[White "Kohout, Jan"]
[Black "Santos Martinez, Guillermo"]
[Result "0-1"]
[WhiteElo "1863"]
[BlackElo "2112"]
[PlyCount "60"]
[EventDate "2023.11.04"]
[EventRounds "9"]
[EventCountry "CZE"]

1. e4 c6 2. d4 d5 3. exd5 cxd5 4. Bd3 Nc6 5. c3 Nf6 6. Nf3 Bg4 7. Nbd2 e6 8. h3 Bh5
9. O-O Bd6 10. Re1 O-O 11. Nf1 Qc7 12. Bg5 Nd7 13. Bh4 Rae8 14. Bg3 e5 15. dxe5 Ncxe5
16. Be2 Nxf3+ 17. Bxf3 Rxe1 18. Qxe1 Bxf3 19. gxf3 Qb6 20. Qd2 Bxg3 21. Nxg3 Ne5
22. Qxd5 Qxb2 23. Re1 Ng6 24. Qb3 Qd2 25. Rd1 Qh6 26. Qxb7 Qxh3 27. Qd7 f5 28. Qd5+
Kh8 29. Rd4 f4 30. Qh5 Nh4  0-1

[Event "Hradec Kralove Open 2023 - A FIDE Open"]
[Site "Cernigov hotel, Hradec Kralove"]
[Date "2023.11.07"]
[Round "5"]
[Board "5"]
[White "Mydlar, Matej"]
[Black "Wenke, Oldrich"]
[Result "0-1"]
[WhiteElo "1809"]
[BlackElo "1984"]
[PlyCount "68"]
[EventDate "2023.11.04"]
[EventRounds "9"]
[EventCountry "CZE"]

1. e4 b6 2. d4 Bb7 3. Nc3 e6 4. a3 Nf6 5. Bd3 c5 6. Nf3 c4 7. Bxc4 Nxe4 8. Nxe4 Bxe4
9. Bd3 Bxd3 10. Qxd3 d5 11. Bf4 Nc6 12. Bg3 Be7 13. O-O-O Rc8 14. Ne5 Nxe5 15. dxe5
O-O 16. f4 Qc7 17. Kb1 Qc4 18. Qxc4 Rxc4 19. c3 g6 20. Rd4 Rfc8 21. Rhd1 b5 22. Rxc4
Rxc4 23. Kc2 a6 24. b3 Re4 25. Re1 Rxe1 26. Bxe1 g5 27. Bd2 gxf4 28. Bxf4 Kg7 29.
b4 Kg6 30. Kd3 Kf5 31. Bg3 Bd8 32. h3 Bb6 33. Bh2 h5 34. Kd2 Bc7  0-1

[Event "Hradec Kralove Open 2023 - A FIDE Open"]
[Site "Cernigov hotel, Hradec Kralove"]
[Date "2023.11.07"]
[Round "5"]
[Board "7"]
[White "Jiruse, Josef"]
[Black "Syzdyk, Samir"]
[Result "1/2-1/2"]
[WhiteElo "1941"]
[BlackElo "1639"]
[PlyCount "62"]
[EventDate "2023.11.04"]
[EventRounds "9"]
[EventCountry "CZE"]

1. e4 c5 2. Nc3 Nc6 3. f4 g6 4. Nf3 Bg7 5. Bc4 e6 6. d3 Nge7 7. O-O O-O 8. Qe1 d5
9. Bb3 Nd4 10. Nxd4 cxd4 11. Nd1 a5 12. c3 dxe4 13. dxe4 Nc6 14. e5 b5 15. a4 b4
16. c4 Bb7 17. Nf2 Ne7 18. Bc2 h5 19. Be4 Bxe4 20. Qxe4 Nf5 21. b3 Qe7 22. Rd1 Rad8
23. Bb2 Qa7 24. Rd3 Rd7 25. Rad1 Rfd8 26. Qf3 Bf8 27. Ne4 Be7 28. R1d2 Kf8 29. Qf2
Kg7 30. Re2 Rh8 31. Red2 Rhd8  1/2-1/2

[Event "Hradec Kralove Open 2023 - A FIDE Open"]
[Site "Cernigov hotel, Hradec Kralove"]
[Date "2023.11.07"]
[Round "5"]
[Board "8"]
[White "Heinsohn, Michael"]
[Black "Kong, Zi Yau Bernadette"]
[Result "1/2-1/2"]
[WhiteElo "1922"]
[BlackElo "1463"]
[PlyCount "31"]
[EventDate "2023.11.04"]
[EventRounds "9"]
[EventCountry "CZE"]

1. d4 Nf6 2. c4 e6 3. Nf3 d5 4. g3 Be7 5. Bg2 O-O 6. O-O dxc4 7. Qc2 a6 8. a4 Nc6
9. Qxc4 Qd5 10. Qxd5 exd5 11. Bf4 Bg4 12. Rd1 Rac8 13. Nc3 Nb4 14. Ne5 Be6 15. Rac1
Rfd8 16. Nd3  1/2-1/2

[Event "Hradec Kralove Open 2023 - A FIDE Open"]
[Site "Cernigov hotel, Hradec Kralove"]
[Date "2023.11.07"]
[Round "5"]
[Board "9"]
[White "Sailaubay, Aldiyar"]
[Black "Kulhanek, Tomas"]
[Result "0-1"]
[WhiteElo "1660"]
[BlackElo "2322"]
[PlyCount "86"]
[EventDate "2023.11.04"]
[EventRounds "9"]
[EventCountry "CZE"]

1. e4 e6 2. Nf3 d5 3. e5 b6 4. d4 Qd7 5. c3 Ne7 6. Bd3 Ba6 7. Bxa6 Nxa6 8. Qd3 Nb8
9. Na3 a6 10. Nc2 Qb5 11. Qd2 a5 12. a4 Qa6 13. Na3 c6 14. Ng1 Nf5 15. Ne2 Be7 16.
Nc2 h5 17. Ne3 Nd7 18. Nxf5 exf5 19. Qc2 g6 20. h4 Nf8 21. Nf4 Ne6 22. Qe2 Nxf4 23.
Bxf4 Qxe2+ 24. Kxe2 Kd7 25. g3 c5 26. Kd3 Rhc8 27. Rhc1 Rc6 28. Be3 Rb8 29. Ra2 cxd4
30. cxd4 Rxc1 31. Bxc1 Rc8 32. Bd2 Rc6 33. b3 Bb4 34. Bxb4 axb4 35. Rc2 Rxc2 36.
Kxc2 f4 37. Kd3 Ke6 38. Ke2 Kf5 39. Kf3 g5 40. hxg5 Kxg5 41. Kg2 Kg4 42. f3+ Kg5
43. Kh3 fxg3  0-1

[Event "Hradec Kralove Open 2023 - A FIDE Open"]
[Site "Cernigov hotel, Hradec Kralove"]
[Date "2023.11.07"]
[Round "5"]
[Board "10"]
[White "Toman, Jaroslav"]
[Black "Kuru, Martin"]
[Result "1/2-1/2"]
[WhiteElo "2203"]
[BlackElo "1852"]
[PlyCount "60"]
[EventDate "2023.11.04"]
[EventRounds "9"]
[EventCountry "CZE"]

1. e4 c6 2. d4 d5 3. e5 Bf5 4. c4 e6 5. Nc3 dxc4 6. Bxc4 Ne7 7. Nge2 Nd5 8. O-O Be7
9. Ng3 Bg6 10. f4 O-O 11. f5 exf5 12. Nxf5 Qd7 13. g4 Nxc3 14. bxc3 b5 15. Bb3 a5
16. a4 b4 17. c4 Na6 18. Be3 Rfe8 19. Qf3 Bf8 20. c5 Nc7 21. Ra2 Nd5 22. Raf2 Ra7
23. Bc1 Rc8 24. Ne3 Nc3 25. Qf4 Rd8 26. Rd2 Ne4 27. Rdd1 Nc3 28. Rd2 Ne4 29. Rdd1
Nc3 30. Rd2 Ne4  1/2-1/2

[Event "Hradec Kralove Open 2023 - A FIDE Open"]
[Site "Cernigov hotel, Hradec Kralove"]
[Date "2023.11.07"]
[Round "5"]
[Board "16"]
[White "Vochozka, Jindrich"]
[Black "Kalveus, Jan"]
[Result "0-1"]
[WhiteElo "1624"]
[BlackElo "1807"]
[PlyCount "116"]
[EventDate "2023.11.04"]
[EventRounds "9"]
[EventCountry "CZE"]

1. d4 Nf6 2. Nf3 e6 3. c4 d5 4. Nc3 c6 5. Bg5 Be7 6. e3 Nbd7 7. a3 a5 8. Bd3 h6 9.
Bh4 O-O 10. O-O Qc7 11. Rc1 dxc4 12. Bxc4 Bd6 13. e4 e5 14. d5 Be7 15. Qe2 Nb6 16.
Ba2 Bg4 17. Rfd1 Rad8 18. Bg3 Bxf3 19. Qxf3 Qb8 20. Qe3 Nfd7 21. Rc2 Kh8 22. Ne2
cxd5 23. exd5 Bd6 24. Rdc1 Rc8 25. h3 Rxc2 26. Rxc2 Rc8 27. Qd3 Rxc2 28. Qxc2 g6
29. Nc3 Qc8 30. Qd2 Kg7 31. Nb5 Be7 32. Kh2 a4 33. f4 Qc5 34. Nc3 Qd4 35. Qxd4 exd4
36. Ne4 f5 37. Nd2 Bf6 38. Bf2 d3 39. Bb1 Bxb2 40. Bxd3 Bxa3 41. Bd4+ Kf7 42. Nc4
Nxc4 43. Bxc4 Bd6 44. g3 Ke7 45. Kg2 a3 46. Kf3 Nc5 47. Ke3 h5 48. h4 Ne4 49. Ba2
Bc5 50. Bxc5+ Nxc5 51. Kd4 Kd6 52. Kc4 Ne4 53. Kb3 Nxg3 54. Kxa3 Ne2 55. Bc4 Nxf4
56. Bf1 Kxd5 57. Kb3 Ke4 58. Kc4 Kf3  0-1

[Event "Hradec Kralove Open 2023 - A FIDE Open"]
[Site "Cernigov hotel, Hradec Kralove"]
[Date "2023.11.08"]
[Round "6"]
[Board "1"]
[White "Jirasek, Pavel"]
[Black "Johnson, Joshua"]
[Result "1-0"]
[WhiteElo "2322"]
[BlackElo "2337"]
[PlyCount "113"]
[EventDate "2023.11.04"]
[EventRounds "9"]
[EventCountry "CZE"]

1. c4 c6 2. g3 d5 3. Bg2 Nf6 4. Nf3 dxc4 5. O-O Nbd7 6. Qc2 Nb6 7. Na3 Be6 8. Ne5
h5 9. Naxc4 Nxc4 10. Nxc4 h4 11. Ne5 hxg3 12. hxg3 Qd4 13. Qc3 Qd6 14. d4 Rd8 15.
Qc2 Qxd4 16. Bf4 Qb6 17. Rfd1 g6 18. Rxd8+ Qxd8 19. Rd1 Qc8 20. Be3 Bg7 21. Bxa7
O-O 22. a3 Qc7 23. Bd4 Rd8 24. Nf3 Qd7 25. Re1 Bf5 26. Qb3 Be4 27. Bb6 Qd5 28. Qa4
Rd7 29. Qa8+ Bf8 30. Bh3 Bf5 31. Bxf5 Qxf5 32. Qc8 e5 33. Bc5 Nh7 34. Be3 Kg7 35.
Kg2 e4 36. Nd4 Qd5 37. Rd1 Nf6 38. Rd2 Kg8 39. Nc2 Qxd2 40. Bxd2 Rxd2 41. Ne3 Rxb2
42. a4 Kg7 43. Kf1 Bc5 44. Nc4 Rb1+ 45. Kg2 Rb4 46. Ne5 Bd4 47. Qc7 Bxe5 48. Qxe5
e3 49. f3 Rxa4 50. g4 Ra2 51. g5 Rxe2+ 52. Kg3 Rd2 53. gxf6+ Kh7 54. Qe7 Rd5 55.
Qxf7+ Kh6 56. Qg7+ Kg5 57. Qe7  1-0

[Event "Hradec Kralove Open 2023 - A FIDE Open"]
[Site "Cernigov hotel, Hradec Kralove"]
[Date "2023.11.08"]
[Round "6"]
[Board "2"]
[White "Cupid, Kevin"]
[Black "Cheraghi, Amin"]
[Result "0-1"]
[WhiteElo "2186"]
[BlackElo "2244"]
[PlyCount "172"]
[EventDate "2023.11.04"]
[EventRounds "9"]
[EventCountry "CZE"]

1. Nf3 d5 2. b3 Bg4 3. Bb2 Bxf3 4. exf3 e6 5. Nc3 Nf6 6. d4 g6 7. Ne2 Bb4+ 8. c3
Bd6 9. Qd2 Qe7 10. g3 Nbd7 11. Bg2 Ba3 12. Bxa3 Qxa3 13. O-O O-O 14. c4 c6 15. f4
Rfd8 16. Rab1 Qf8 17. c5 b6 18. b4 a5 19. b5 Rdc8 20. Rfc1 cxb5 21. c6 Nb8 22. Rxb5
Nxc6 23. Rxb6 Ne7 24. Bf3 Nf5 25. Rb5 Qa3 26. Rxc8+ Rxc8 27. Kg2 a4 28. Qb4 Qxa2
29. Ra5 Ne4 30. Rxa4 Qc2 31. Ra1 Qd2 32. Qxd2 Nxd2 33. Bg4 Nb3 34. Ra4 Nh6 35. Bf3
Nc1 36. Nxc1 Rxc1 37. g4 Rc4 38. Rxc4 dxc4 39. Kf1 Kf8 40. Ke2 Ng8 41. Kd2 Nf6 42.
Kc3 Nd5+ 43. Kxc4 Nxf4 44. Bd1 Ke7 45. Kc3 Nh3 46. f4 Nxf4 47. Kd2 Kf6 48. Ke3 Nd5+
49. Kf3 Nc3 50. Bb3 Kg5 51. Bc4 h6 52. Ba6 Kh4 53. Bf1 g5 54. Bd3 Kh3 55. Bh7 Nb5
56. Ke3 Kxg4 57. Bg8 h5 58. Ke4 Kh3 59. Bxf7 h4 60. Bxe6+ Kxh2 61. Kf5 Nxd4+ 62.
Kxg5 Kg3 63. Bc8 Nf3+ 64. Kf6 Kf4 65. Ke7 Ne5 66. Kd6 Ng4 67. Kc5 h3 68. Kd4 Kg3
69. Kd3 Kf2 70. Kd2 h2 71. Bb7 Ne3 72. Bh1 Ng2 73. Kd1 Kg1 74. Ke2 Nf4+ 75. Kf3 Nd3
76. Ke2 Nf4+ 77. Kf3 Ng6 78. Ke2 Nh4 79. Ke3 Nf5+ 80. Kf3 Nd4+ 81. Ke3 Nc2+ 82. Ke2
Nb4 83. Be4 Na6 84. Bf3 Nc5 85. Bh1 Nd3 86. Ke3 Kxh1  0-1